000 00224nam a2200097Ia 4500
008 240331s9999 xx 000 0 und d
082 _bNES
100 _aNesiah, Vasuki
245 0 _aDebates in the feminist movement
942 _cL
999 _c1776
_d1776